| 000 | 00358nam a2200145Ia 4500 | ||
|---|---|---|---|
| 008 | 220216s9999 xx 000 0 und d | ||
| 100 | _aMiller J | ||
| 245 | 0 | _aLatex sales not hurt by allergies | |
| 260 |
_bRubber and Plastics News _c1996 |
||
| 300 | _a4, 17 | ||
| 500 | _aSource Year: 1996 | ||
| 650 | _aLatex products | ||
| 856 | _uIRRDB | ||
| 942 | _cJS | ||
| 999 |
_c62077 _d62077 |
||